More plastics for collectors : (Record no. 27839)

000 -LEADER
fixed length control field 01108cam a2200289 a 4500
001 - CONTROL NUMBER
control field 673166
005 - DATE AND TIME OF LATEST TRANSACTION
control field 20170211085536.0
008 - FIXED-LENGTH DATA ELEMENTS--GENERAL INFORMATION
fixed length control field 950919s1996 paua c 000 0 eng
010 ## - LIBRARY OF CONGRESS CONTROL NUMBER
LC control number 95042728
020 ## - INTERNATIONAL STANDARD BOOK NUMBER
International Standard Book Number 0887409679 (paper)
050 00 - LIBRARY OF CONGRESS CALL NUMBER
Classification number NK8595 .L52 1996
100 1# - MAIN ENTRY--PERSONAL NAME
Personal name Lindenberger, Jan.
245 10 - TITLE STATEMENT
Title More plastics for collectors :
Remainder of title a handbook & price guide /
Statement of responsibility, etc. Jan Lindenberger with Jean Rosenthal.
246 30 - VARYING FORM OF TITLE
Title proper/short title Plastics for collectors
260 ## - PUBLICATION, DISTRIBUTION, ETC. (IMPRINT)
Place of publication, distribution, etc. Atglen, PA :
Name of publisher, distributor, etc. Schiffer Pub.,
Date of publication, distribution, etc. c1996.
300 ## - PHYSICAL DESCRIPTION
Extent 160 p. :
Other physical details col. ill. ;
Dimensions 23 cm.
440 #2 - SERIES STATEMENT/ADDED ENTRY--TITLE
Title A Schiffer book for collectors
650 #0 - SUBJECT ADDED ENTRY--TOPICAL TERM
Topical term or geographic name as entry element Plastics craft
General subdivision Collectors and collecting
-- Catalogs.
700 1# - ADDED ENTRY--PERSONAL NAME
Personal name Rosenthal, Jean.
942 ## - ADDED ENTRY ELEMENTS (KOHA)
Source of classification or shelving scheme
Koha item type Hard Covered Materials
Holdings
Withdrawn status Lost status Source of classification or shelving scheme Damaged status Not for loan Home library Current library Shelving location Date acquired Source of acquisition Total Checkouts Full call number Barcode Date last seen Price effective from Koha item type
          MACHAKOS UNIVERSITY LIBRARY MACHAKOS UNIVERSITY LIBRARY Technical section 11/02/2017 Donation(BFA)   NK8595 .L52 1996 35725 31/05/2018 11/02/2017 Hard Covered Materials
© Machakos University Library, Along The Highway, Machakos Wote Rd, Machakos, Kenya P.O. Box 136 - 90100 Machakos - Kenya

Tel: ( +254 ) 723 805829 OR Fax : 044-20353 OR Email: library@mksu.ac.ke